Peep Show Quiz 1 - Statistics

General Stats
  • This quiz has been taken 671 times
  • The average score is 6 of 15
Answer Stats
Hint Answer % Correct
How many naan breads is insane? Four
84%
What breakfast cereal does Mark have, that Toni can’t find? Alpen
77%
What cereal does Super Hans recall is quite expensive? Crunchy Nut
70%
What does Gogg want? Kebab
66%
Have you ever tried to do with washing up without what? Washing up Liquid
64%
What fridge magnet does Jeremy find hilarious at the party? Fried Egg
44%
When we first meet Super Hans, how does he want his Guinness? No Logo in the Foam
43%
“It’s Pyramid selling and you’re making….” A fool of yourself
32%
“Well at least I don’t fancy” Elves and Pixies
32%
What song is playing at the bowling alley? Flagpole Sitta
32%
When getting on the bus in S1E1, what band is Mark listening too? The Lighthouse Family
20%
Who does Mark have on his forehead in the forehead game? Tim Henman
11%
Where does Mark want to go on a mini-break? Zurich
11%
What is the make of the crispy pancakes Valerie likes? Finduss
4%
Who does Mark try to impress at Frankie and Bennies? Alan, Mike, Barbara
1%
No matching quizzes found
Score Distribution
Percent of People with Each Score
Percentile by Number Answered
Your Score History
You have not taken this quiz